Statistics for Capital to Country Chain Game #1

Click here to take the quiz!

General Stats

  • This quiz has been taken 108 times
  • The average score is 17 of 20

Answer Stats

CapitalCountry% Correct
Buenos AiresArgentina
100%
TokyoJapan
100%
TunisTunisia
99%
RomeItaly
98%
KievUkraine
98%
LondonUnited Kingdom
98%
ManilaPhilippines
96%
KingstonJamaica
93%
PretoriaSouth Africa
93%
CanberraAustralia
90%
ZagrebCroatia
90%
SingaporeSingapore
87%
UlaanbaatarMongolia
80%
MinskBelarus
77%
TashkentUzbekistan
75%
San SalvadorEl Salvador
73%
DakarSenegal
73%
SuvaFiji
64%
NicosiaCyprus
61%
NgerulmudPalau
44%

Score Distribution

Percentile by Number Answered

Percent of People with Each Score

Your Score History

You have not taken this quiz